Animal feeding and production : new technical and economic developments.

Bibliographic Details
Corporate Author: Organisation for Economic Co-operation and Development
Format: Book
Language:English
Published: Paris : [Washington, D.C.] : Organisation for Economic Co-operation and Development ; [Sold by OECD Publications and Information Center], 1981.
Series:Agricultural products and markets.
Subjects:

MARC

Tag First Indicator Second Indicator Subfields
LEADER 00000cam a2200000 a 4500
001 in00000099317
005 20150924160203.0
008 820722s1981 fr a 00000 eng
010 |a  81180709  
015 |a F*** 
020 |a 9264121676 (pbk.) 
035 |a (OCoLC)07611950 
035 |9 AAL0194AM 
040 |a DLC  |c DLC  |d TXA  |d UtOrBLW 
049 |a TXAM  |c [1482263] 
050 0 0 |a HD9052.A2  |b A54 
082 0 |a 381/.416085  |2 19 
245 0 0 |a Animal feeding and production :  |b new technical and economic developments. 
264 1 |a Paris :  |b Organisation for Economic Co-operation and Development ;  |a [Washington, D.C.] :  |b [Sold by OECD Publications and Information Center],  |c 1981. 
300 |a iii, 214 pages :  |b illustrations ;  |c 27 cm. 
336 |a text  |b txt  |2 rdacontent 
337 |a unmediated  |b n  |2 rdamedia 
338 |a volume  |b nc  |2 rdacarrier 
490 1 |a Agricultural products and markets 
490 0 |a Document / Organisation for Economic Co-opreation and Development 
650 0 |a Flour industry. 
650 0 |a Feeds  |x Technological innovations. 
650 0 |a Feed industry. 
710 2 |a Organisation for Economic Co-operation and Development. 
830 0 |a Agricultural products and markets. 
999 |a MARS 
999 f f |s 4365d7e6-f59d-3912-81fd-61907e81c0fb  |i f6f8c9dc-adda-3f59-97f5-7a30ad53f98d  |t 0 
952 f f |p ric  |a Texas A&M University  |b Rellis Campus  |c Joint Library Facility  |d Remote Storage  |t 0  |e HD9052.A2 A54  |h Library of Congress classification  |i unmediated -- volume  |m A14806047497 
998 f f |a HD9052.A2 A54  |t 0  |l Remote Storage